[Event "AUTO-OPEN-1560"]
[Site "http://www.queenalice.com/game.php?id=590837"]
[Date "2009.5.19"]
[Round "1"]
[White "Gewwo"]
[Black "juim"]
[Result "0-1"]
[WhiteElo "1293"]
[BlackElo "1748"]

1. e4 e5 2. Nf3 d6 3. Bc4 Nf6 4. Nc3 Be7 5. d4 exd4 6. Qxd4 Nc6 7. Qd1 Na5 8.
Qd3 Nxc4 9. Qxc4 O-O 10. O-O Bg4 0-1

[Event "AUTO-OPEN-1560"]
[Site "http://www.queenalice.com/game.php?id=590850"]
[Date "2009.5.19"]
[Round "1"]
[White "Gewwo"]
[Black "raymundo"]
[Result "0-1"]
[WhiteElo "1333"]
[BlackElo "1915"]

1. e4 c5 2. Bc4 e6 3. Nc3 Nf6 4. d4 Nc6 5. Nf3 cxd4 6. Nxd4 a6 7. O-O Bb4 8. Bg5
O-O 9. Nf3 h6 10. Bxf6 Qxf6 11. Qd3 b5 12. Bb3 Bc5 13. a4 b4 0-1

[Event "AUTO-OPEN-1560"]
[Site "http://www.queenalice.com/game.php?id=590851"]
[Date "2009.5.19"]
[Round "1"]
[White "raymundo"]
[Black "Gewwo"]
[Result "1-0"]
[WhiteElo "2105"]
[BlackElo "1333"]

1. c4 e5 2. Nc3 Nc6 3. d3 Bb4 4. Bd2 Nf6 5. a3 Ba5 6. b4 Nxb4 7. axb4 Bxb4 8.
Qb3 Bxc3 9. Bxc3 d6 10. g3 O-O 11. Bg2 c6 12. Qb2 d5 13. Bxe5 Qe7 14. cxd5 cxd5
15. Bxf6 gxf6 16. Nf3 Bf5 17. O-O Bg4 18. Nd4 Rfe8 19. Bxd5 Bxe2 20. Rfe1 1-0

[Event "AUTO-OPEN-1561"]
[Site "http://www.queenalice.com/game.php?id=591173"]
[Date "2009.5.20"]
[Round "1"]
[White "Zaubernuss"]
[Black "Gewwo"]
[Result "1-0"]
[WhiteElo "1923"]
[BlackElo "1293"]

1. c4 e5 2. Nc3 Nf6 3. Nf3 Nc6 4. e4 Bc5 5. Nxe5 Nxe5 6. d4 Bxd4 7. Qxd4 Nc6 8.
Qd2 d6 9. Be2 O-O 10. O-O Be6 11. b3 Nb4 12. Bb2 1-0

[Event "AUTO-OPEN-1561"]
[Site "http://www.queenalice.com/game.php?id=591174"]
[Date "2009.5.20"]
[Round "1"]
[White "Gewwo"]
[Black "Zaubernuss"]
[Result "0-1"]
[WhiteElo "1411"]
[BlackElo "1921"]

1. e4 c5 2. Nf3 e6 3. d4 cxd4 4. Nxd4 Nc6 5. Nf3 Nf6 6. Nc3 Qc7 7. Bc4 a6 8. O-O
b5 9. Bb3 Bb7 10. a3 Be7 11. Bg5 O-O 0-1

[Event "AUTO-OPEN-1567"]
[Site "http://www.queenalice.com/game.php?id=593536"]
[Date "2009.5.25"]
[Round "1"]
[White "Garzhvog"]
[Black "Gewwo"]
[Result "1-0"]
[WhiteElo "1974"]
[BlackElo "1293"]

1. e4 e5 2. Nf3 Nc6 3. Bb5 Nf6 4. O-O Nxe4 5. d4 f6 6. dxe5 fxe5 7. Re1 Nf6 8.
Bxc6 bxc6 9. Nxe5 Be7 10. Bg5 O-O 11. Nc3 1-0

[Event "Invitation"]
[Site "http://www.queenalice.com/game.php?id=600853"]
[Date "2009.6.9"]
[Round "-"]
[White "rodrigomni"]
[Black "Gewwo"]
[Result "0-1"]
[WhiteElo "1100"]
[BlackElo "1343"]

1. e4 e5 2. Qg4 Nc6 3. Nc3 Nf6 4. Qf3 Bc5 5. Qg3 O-O 6. Nh3 d5 7. f3 d4 8. Nb5
Nb4 9. Rb1 Nxa2 10. Qxe5 Bb6 11. c3 Re8 12. Qg3 c6 13. Nd6 Rf8 14. Bc4 Nxc1 15.
Rxc1 Be6 16. O-O d3+ 17. Nf2 Bc7 18. e5 Nh5 19. Nxb7 Nxg3 20. Nxd8 Nxf1 21. Kxf1
Bxc4 22. Nxc6 f6 23. f4 fxe5 24. Nxe5 Bxe5 25. fxe5 Rae8 26. Re1 a5 27. Re4 Rf5
28. Rxc4 Rfxe5 29. Re4 Rxe4 30. Nxe4 Rxe4 31. g3 Re2 32. b4 a4 33. b5 a3 34. b6
a2 35. b7 a1=R# 0-1

[Event "Challenge"]
[Site "http://www.queenalice.com/game.php?id=604548"]
[Date "2009.6.16"]
[Round "-"]
[White "Gewwo"]
[Black "mpustil"]
[Result "0-1"]
[WhiteElo "1351"]
[BlackElo "1458"]

1. e4 c5 2. Nf3 Nc6 3. Bc4 e6 4. Nc3 g6 5. d4 f6 6. d5 Na5 7. Bb5 a6 8. Ba4 b5
9. Nxb5 axb5 10. Bxb5 Qb6 11. a4 Ba6 12. dxe6 Bxb5 13. axb5 Qxe6 14. Qe2 Bd6 15.
O-O Bc7 16. Bd2 Qb6 0-1

[Event "Challenge"]
[Site "http://www.queenalice.com/game.php?id=612596"]
[Date "2009.7.3"]
[Round "-"]
[White "cass"]
[Black "Gewwo"]
[Result "1-0"]
[WhiteElo "1352"]
[BlackElo "1344"]

1. e4 e5 2. Nf3 Nc6 3. Bc4 Nf6 4. d3 Bc5 5. Nc3 d6 6. Nb5 O-O 7. O-O d5 8. exd5
Nxd5 9. a3 a6 10. Nc3 Nxc3 11. bxc3 Bg4 12. h3 1-0